LEADER 00909nam a2200205 i 4500 001 000000257043 003 CaOOAMICUS 005 20241203145755.0 008 180126s1825 it u000 u ita u 013 $a235951 026 $aoae, neno e.o- dead (7) 1825 (R) 040 $aSeMil$bita 245 10$aVol. 5. 300 $a462, [2] p. 500 $aContiene: Della terza deca delle Istorie romane libro sesto-decimo. 773 0 $aLivius, Titus <59 a.C.-17.d.C.>$tStoria romana di Tito Livio recata in italiano da Jacopo Nardi, aggiunti i supplimenti del Freinshemio, nuovamente tradotti da Francesco Ambrosoli. Volume 1.[-7.].$dMilano : Per Nicolò Bettoni, 1824-1825.$kBiblioteca storica di tutte le nazioni$g5$w()4925 850 $aSeMil 852 $aSeMil$W1$xVenegono$y1$m3U II 58 FA$j207389$B207389$CSeMilBibl$Z2$F220874 $8I 996 $6245$aVol. 5$9(OLS)http://semarc/title/108696 LEADER 00578nab a2200145 i 4500 001 000000274082 003 CaOOAMICUS 005 20101108000000.0 008 101108n xx uu u0 0und r 013 $a22539 040 $aSeMil$bita 245 13$aIl sinodo della luce non della paura. - 16 p. - Titolo principale dalla prima pagina. 500 $a31 ottobre 2010. 773 0 $t[2010 : Luglio-Dicembre].$dBologna : Centro Editoriale Dehoniano, 2010.$w()190843 996 $6245$aIl sinodo della luce non della paura. - 16 p. - Titolo principale dalla prima pagina.$9(OLS)http://semarc/title/360899 LEADER 00738nam a2200193 4500 001 000000360725 003 CaOOAMICUS 005 20241115113851.0 008 241115s1906 it 000 u ita r 040 $aSeMil$bita 100 1 $aPalladino, Mario <1842-1921>.$0(OLS)http://semarc/name/120924 245 12$aI martiri campani /$cMons. Mario Palladino. 264 1$aNapoli :$bsocietà Catt. Edit. Napolitana,$c1906. 300 $a24 p. ;$c23 cm 850 $aSeMil 852 $aSeMil$W1$xVenegono$y1$m5C IX 4/8$j252364$B251729$CSeMilBibl$Z2$F251729 $86 996 $6245$aI martiri campani$9(OLS)http://semarc/title/451263 996 $6264$aNapoli :$bsocietà Catt. Edit. Napolitana$9(OLS)http://semarc/publisher/62098